00576nam a2200157 a 450000500170000000800410001702000220005805000280008010000220010824500660013026000640019630000080026052000610026865000500032965000390037920140412111411.0070221s19uu xx 00 eng d a978-971-92995-5-4 aTR(GS 332.024bCOL 2006 aColaco, Francisco aMoney for kids(pera mo palaguin mo!) /cFrancisco J. Colayco. aPhilippines :bColayco foundation for education Inc,c2006. a777 aA parent/ teacher's guide to financial literacy for kids aChildren-Finance,Personal-Juvenile literature aChild consumer-Juvenile literature